000
00305nam a22001337a 4500
008
171027b xxu||||| |||| 00| 0 eng d
020
_a
9780538628969
041
_a
eng
080
_2
3RD
_a
336
100
_a
55
101
_a
MEN
245
_a
MANAGING YOUR PERSONAL FINANCES
_c
RYAN,J,S
942
_2
udc
_c
BK
999
_c
36073
_d
36073